000 00312nam a2200109 4500
008 160629b xxu||||| |||| 00| 0 eng d
100 _91365
_a Popular Prakashan
245 _aYoung Discoverer Series - Reptiles
260 _aMumbai
_bPopular
_c2004
300 _aYoung Discoverer Series - Reptiles
942 _2ddc
_cBK
999 _c1125
_d1125